| 000 | 01554cam a22004814i 4500 | ||
|---|---|---|---|
| 003 | PE-LiUPU | ||
| 005 | 20250731165534.0 | ||
| 008 | 150625s r 000 0 d | ||
| 020 | _a8420725676 | ||
| 035 | _a(Sirsi) i9788420725673 | ||
| 040 |
_aPE-LiUPU _bspa _cPE-LiUPU _erda |
||
| 082 | 0 | 4 |
_a379.09 _bE79 _221 |
| 100 | 1 |
_aEscolano Benito, Agustín, _eautor. |
|
| 245 | 1 | 0 |
_aHistoria de la educación : _bla educación contemporánea. _n2 / _cAgustín Escolano Benito. |
| 264 | 1 |
_aMadrid : _bAnaya, _c1984. |
|
| 300 |
_a394 páginas ; _c25 cm. |
||
| 336 |
_atext _2rdacontent |
||
| 337 |
_aunmediated _2rdamedia |
||
| 338 |
_avolume _2rdacarrier |
||
| 490 | 0 | _aDiccionario de Ciencias de la Educación | |
| 505 | 0 | _aHistoria de la educación contemporánea. | |
| 526 | _aSEG44 | ||
| 526 | _aSEG26 | ||
| 526 | _aP151 | ||
| 526 | _aP150 | ||
| 526 | _aP149 | ||
| 526 | _aP146 | ||
| 526 | _aP145 | ||
| 526 | _aP126 | ||
| 526 | _aP125 | ||
| 526 | _aP92 | ||
| 526 | _aP75 | ||
| 526 | _aP74 | ||
| 526 | _aP27 | ||
| 526 | _aP15 | ||
| 650 | 0 | 4 |
_aEducación _xHistoria _vDiccionarios. |
| 910 |
_bgl _chf _d20041222 |
||
| 942 |
_2ddc _cBOOK |
||
| 949 |
_aRC 379.09 E79 2 _wDEWEY _c1 _i28641 _lCCODEBUL1 _mBUL _p00.00 _r0 _sY _tBOOK _u2015-06-25 _xEDUCACION _zUNKNOWN _0COMPRA _o.STAFF. Colección General |
||
| 596 | _a1 | ||
| 999 |
_aRC 379.09 E79 2 _wDEWEY _c39334 _i28641 _f2021-11-8 _g6 _lRCG _mBUL _r1 _sY _tBOOK _u2015-6-25 _xBIBLIOTECA _zUNKNOWN _0COMPRA _o.STAFF. Colección General _d39334 |
||
| 980 |
_81 _gALBERTO SANCHEZ Responsable de Automatización |
||